00235 a2200109 4500001000700000020000600007040001100013100004300024240002700067245002200094362000900116181645 a  cMagnum aNosella, Maria de Lourdes Chagas Deiro10aAs belas mentiraslpor10aAs belas mentiras0 a1899